000 00834nam a2200217 4500
999 _c2898
_d2898
001 2898
003 BD-JhCC
005 20220807134021.0
008 171107b2009 bg ||||| |||| 00| 0 ben d
035 _a(BD-JhCC)
040 _aBD-JhCC
_dBD-JhCC
041 _aben
082 _a891.443
_bMUK 2009
100 _aমুখোপাধ্যায়, ত্রৈলোক্যনাথ
245 _aকঙ্কাবতী /
_cত্রৈলোক্যনাথ মুখোপাধ্যায় ; আনিসুজ্জামান (সম্পাদানা)
260 _aঢাকা :
_bঅ্যাডর্ন পাবলিশার্স ;
_c২০০৯
300 _a১৬৭ পৃ.;
_c২২ সেমি
650 _aBengali novel
700 _aআনিসুজ্জামান
942 _2ddc
_cBK
_04